000
00329nam a2200133Ia 4500
008
210430s9999 xx 000 0 und d
082
_a
515T449 T
100
_a
George B.Thomas,jr
245
_a
Thomas Calculus
_c
George B.Thomas,jr
250
_a
11th
260
_a
India
_b
Joel Hass
_c
2008
300
_a
1228p
942
_c
BK
_2
ddc
999
_c
565930
_d
565930